Viernes Santo Sevilla - Estadísticas

Estadísticas generales
  • Esta prueba ha sido intentada 59 veces
  • La puntuación promedio es 10 de 12
Estadísticas de respuestas
Imagen Respuesta % Correcto
Cristo de la Expiración (El Cachorro)
95%
Jesús Descendido y Virgen de la Piedad (La Mortaja)
95%
Virgen de la Soledad (San Buenaventura)
95%
Virgen de la O
90%
Virgen del Patrocinio
85%
Virgen de Montserrat
85%
Jesús Nazareno
82%
Jesús de las Tres Caídas
77%
Cristo de la Conversión del Buen Ladrón
72%
Cristo de la Salud
64%
Virgen del Mayor Dolor en su Soledad
62%
Virgen de Loreto
62%
No se encontraron pruebas coincidentes
Distribución de puntuación
Porcentaje de gente con cada puntuación
Porcentaje por número respondido
Historial de tus puntuaciones
No has intentado esta prueba.